000 00402nam a22001217a 4500
040 _cHS
082 _a590
100 _aត្រាន ថាន់កាញ់
245 _aធរណីវិទ្យាអនុវត្តន័លើការប្រើជីនៅកម្ពុជាំ
260 _aCambodia
_bត្រាន ថាន់កាញ់
_c1992
300 _a117p;
942 _cKB
999 _c10290
_d10290